Environment v kritériách kvality

Novšie trendy v posudzovaní kvality. jedným z významných novších kritérii kvality produktov i celých korporácii je aj udržiavanie priaznivého pracovného a životného prostredia. Zabezpečovať ho však treba tak v tvorbe kvality produktov ako aj v procesnom riadení systému kvality podnikov. Oboje vo vše...

Ausführliche Beschreibung

Gespeichert in:
Bibliographische Detailangaben
1. Verfasser: Leščišin, Michal
Format: Buchkapitel
Sprache:Slowakisch
Schlagworte:
Tags: Tag hinzufügen
Keine Tags, Fügen Sie das erste Tag hinzu!

MARC

LEADER 00000nla$a2200000$$$4500
001 0110664
005 20240502072225.9
041 0 |a slo 
044 |a SK 
245 1 0 |a Environment v kritériách kvality  |c Michal Leščišin 
520 |a Novšie trendy v posudzovaní kvality. jedným z významných novších kritérii kvality produktov i celých korporácii je aj udržiavanie priaznivého pracovného a životného prostredia. Zabezpečovať ho však treba tak v tvorbe kvality produktov ako aj v procesnom riadení systému kvality podnikov. Oboje vo všetkých fázach reprodukčného pocesu od výskumno-vývojových etáp cez inovačnú tvorbu, vlastný výrobný proces, servisné služby, oblasť prepravy, distribúcie, používania, spotreby i ekologickej likvidácie. 
610 2 0 |a výrobky 
610 2 0 |a proces výrobný 
610 2 0 |a služby 
610 2 0 |a prostredie pracovné 
610 2 0 |a prostredie životné 
610 2 0 |a kvalita 
100 1 |a Leščišin, Michal